Movie Franchise Character Sorting II Quiz Stats

 Plays Quiz Updated Feb 11, 2019

Support Sporcle.
Go Orange.
Score 0/15 Timer 02:00
2 Plays Today
% Correct
Harry Potter
94.7%
Star Trek
92.8%
Marvel Cinematic Universe
91.8%
X-Men
90.8%
Hunger Games
90.5%
Lord of the Rings
90.2%
Rocky
89.4%
Star Wars
86.2%
% Correct
Pirates of the Caribbean
82%
Fast and the Furious
81.2%
Twilight
75.7%
Jurassic Park
73.9%
Transformers
68.2%
Mission: Impossible
64.1%
DC Comics
58.8%

You're not logged in!

Compare scores with friends on all Sporcle quizzes.
OR
Log In

From the Vault

NEXT Cover Athletes

by SporcleAdmin

Sporcle and ESPN The Magazine ask: Who was NEXT?
Remove Ads.
Support Sporcle.
Get the best of Sporcle when you Go Orange. This ad-free experience offers more features, more stats, and more fun while also helping to support Sporcle. Thank you for becoming a member.

Show Comments

Extras

Top Quizzes Today


Score Distribution

Your Account Isn't Verified!

In order to create a playlist on Sporcle, you need to verify the email address you used during registration. Go to your Sporcle Settings to finish the process.

Report this User

Report this user for behavior that violates our Community Guidelines.

Details: